00521 2200205 4500001002100000005001500021035002000036007000300056008004100059020002200100082001000122084001600132100001600148245004300164250001600207260003600223300002100259650002500280990001000305INLIS00000000000018220170913100919 a0010-0917000168ta170913 0 ind  a978-979-769-614-6 a297.6 a297.6 ABD f0 aAbdul Basit1 aFilsafat Dakwah /cDr.Abdul BAsit,M.Ag aEd.1, Cet.1 aJakarta :bRajawali pers,c2013 a234 hlm ;c23 cm aDakwa Islam-Filsafat a15544